[Event "Bundesliga 9596"]
[Site "Deutschland"]
[Date "1996.??.??"]
[Round "?.6"]
[White "Krauseneck, Peter"]
[Black "Dinstuhl, Volkmar"]
[Result "0-1"]
[WhiteElo "2295"]
[BlackElo "2355"]
[PlyCount "66"]
[EventDate "1995.10.??"]
[EventType "team"]
[EventRounds "15"]
[EventCountry "GER"]
[SourceTitle "Bundesliga 9596"]
[Source "DeepChess"]
[SourceDate "2005.01.01"]
[SourceVersion "1"]
[SourceVersionDate "2005.01.01"]
[SourceQuality "1"]
[WhiteTeam "SC 1868 Bamberg e.V."]
[BlackTeam "SV Castrop Rauxel 1923"]
[WhiteTeamCountry "GER"]
[BlackTeamCountry "GER"]

1. e4 c5 2. Nf3 d6 3. c3 Nf6 4. Bc4 e6 5. Qe2 a6 6. d4 Be7 7. e5 Nd5 8. O-O O-O
9. dxc5 dxc5 10. Rd1 Nc6 11. Nbd2 Qc7 12. Nf1 Rd8 13. Qe4 b5 14. Bxd5 exd5 15.
Rxd5 Rxd5 16. Qxd5 Bb7 17. e6 Nd4 18. exf7+ Kh8 19. Qh5 Nxf3+ 20. gxf3 Rf8 21.
Be3 g6 22. Qh3 Rxf7 23. Rd1 Bxf3 24. Rd7 Qe5 25. Nd2 Bc6 26. Rd3 Rf5 27. b4 Kg8
28. bxc5 Bxc5 29. Rd8+ Bf8 30. Rd4 Qe6 31. Qf1 Bb7 32. Qd3 Rh5 33. Rd8 Qg4+ 0-1

[Event "Bundesliga 9596"]
[Site "Deutschland"]
[Date "1996.??.??"]
[Round "?.7"]
[White "Hennig, Dirk"]
[Black "Rupp, Markus"]
[Result "1-0"]
[WhiteElo "2355"]
[BlackElo "2330"]
[PlyCount "89"]
[EventDate "1995.10.??"]
[EventType "team"]
[EventRounds "15"]
[EventCountry "GER"]
[SourceTitle "Bundesliga 9596"]
[Source "DeepChess"]
[SourceDate "2005.01.01"]
[SourceVersion "1"]
[SourceVersionDate "2005.01.01"]
[SourceQuality "1"]
[WhiteTeam "SV Castrop Rauxel 1923"]
[BlackTeam "SC 1868 Bamberg e.V."]
[WhiteTeamCountry "GER"]
[BlackTeamCountry "GER"]

1. d4 e6 2. c4 Nf6 3. Nf3 c5 4. g3 d5 5. cxd5 exd5 6. Bg2 Nc6 7. O-O Be7 8. Nc3
O-O 9. dxc5 Bxc5 10. Na4 Be7 11. Be3 Re8 12. Rc1 Bg4 13. Nd4 Nxd4 14. Bxd4 Bb4
15. f3 Bd7 16. Nc3 Rc8 17. Kh1 Bxc3 18. Rxc3 Rxc3 19. Bxc3 Bb5 20. Re1 b6 21.
e3 Bc6 22. Qd4 Qe7 23. Kg1 Rd8 24. Kf2 Ne8 25. Rc1 f6 26. Bh3 Bb7 27. Bb4 Qf7
28. Bf5 Nd6 29. Bd3 Rc8 30. Rxc8+ Nxc8 31. Qh4 g5 32. Qd4 Kg7 33. h4 h6 34. Bc3
Ne7 35. hxg5 hxg5 36. Qg4 Kf8 37. Qh3 Ng8 38. Bb4+ Ke8 39. Qg4 Ne7 40. Bc3 Nc6
41. Bf5 d4 42. exd4 Qxa2 43. Qe4+ Kf7 44. Bg6+ Kg7 45. Bh5 1-0

[Event "Bundesliga 9596"]
[Site "Deutschland"]
[Date "1996.??.??"]
[Round "?.8"]
[White "Held, Markus"]
[Black "Hille, Ralph Ingo"]
[Result "1-0"]
[WhiteElo "2205"]
[BlackElo "2260"]
[PlyCount "83"]
[EventDate "1995.10.??"]
[EventType "team"]
[EventRounds "15"]
[EventCountry "GER"]
[SourceTitle "Bundesliga 9596"]
[Source "DeepChess"]
[SourceDate "2005.01.01"]
[SourceVersion "1"]
[SourceVersionDate "2005.01.01"]
[SourceQuality "1"]
[WhiteTeam "SC 1868 Bamberg e.V."]
[BlackTeam "SV Castrop Rauxel 1923"]
[WhiteTeamCountry "GER"]
[BlackTeamCountry "GER"]

1. e4 c6 2. d4 d5 3. exd5 cxd5 4. Bd3 Nc6 5. c3 g6 6. Bf4 Bf5 7. Bxf5 gxf5 8.
Qb3 Qd7 9. Nf3 Nf6 10. Nbd2 Bg7 11. O-O O-O 12. Ne5 Nxe5 13. Bxe5 Kh8 14. Nf3
Rg8 15. a4 e6 16. a5 Ne4 17. Qa4 Qe7 18. Qa3 Qd8 19. Qb4 f6 20. Bf4 Qd7 21. Ne1
e5 22. f3 Nd6 23. Bc1 f4 24. Nd3 Bf8 25. dxe5 Qh3 26. Nxf4 Rxg2+ 27. Nxg2 Ne4
28. fxe4 Bxb4 29. cxb4 Rg8 30. Rf2 fxe5 31. exd5 Qd3 32. Bd2 Qxd5 33. Bc3 h5
34. Re1 Kh7 35. Rxe5 Qd1+ 36. Re1 Qd5 37. Re7+ Kh6 38. Rf6+ Kg5 39. Re5+ Kxf6
40. Rxd5+ Ke6 41. Re5+ Kd7 42. Rd5+ 1-0

[Event "Bundesliga 9596"]
[Site "Deutschland"]
[Date "1996.??.??"]
[Round "?.1"]
[White "Lobron, Eric"]
[Black "Pfleger, Helmut"]
[Result "1-0"]
[WhiteElo "2590"]
[BlackElo "2490"]
[PlyCount "111"]
[EventDate "1995.10.??"]
[EventType "team"]
[EventRounds "15"]
[EventCountry "GER"]
[SourceTitle "Bundesliga 9596"]
[Source "DeepChess"]
[SourceDate "2005.01.01"]
[SourceVersion "1"]
[SourceVersionDate "2005.01.01"]
[SourceQuality "1"]
[WhiteTeam "SV Empor Berlin e.V."]
[BlackTeam "SC 1868 Bamberg e.V."]
[WhiteTeamCountry "GER"]
[BlackTeamCountry "GER"]

1. d4 d5 2. c4 c6 3. Nf3 Nf6 4. Nc3 g6 5. Bf4 Bg7 6. e3 O-O 7. Be2 Bg4 8. Qb3
Qb6 9. h3 Bxf3 10. Bxf3 e6 11. O-O dxc4 12. Qxc4 Nd5 13. Bd6 Rd8 14. Ba3 a5 15.
Qe2 Na6 16. Rac1 Nab4 17. Rfd1 h5 18. Na4 Qa7 19. b3 Rac8 20. Qd2 Bf8 21. Ra1
Nf6 22. Bb2 b5 23. Nc3 Nbd5 24. Rac1 a4 25. Ne2 axb3 26. axb3 Bh6 27. Ra1 Qb8
28. Qe1 Bf8 29. e4 Bb4 30. Qf1 Ne7 31. Nc1 Nh7 32. Nd3 Bd6 33. h4 Qb6 34. b4
Ra8 35. Nc5 Bf4 36. Rxa8 Rxa8 37. Ra1 Rd8 38. Ra6 Qb8 39. Qa1 Bh6 40. Ra7 Nc8
41. Ra8 Qc7 42. Qa5 Qe7 43. e5 Rf8 44. Qa6 Qc7 45. Bc3 Ne7 46. Ra7 Qd8 47. Qb7
Nf5 48. Nxe6 Qxh4 49. Nxf8 Ng5 50. Nd7 Nxf3+ 51. gxf3 Qg5+ 52. Kf1 Qc1+ 53. Be1
Qc4+ 54. Kg1 Bg7 55. e6 Qxe6 56. Qc8+ 1-0

[Event "Bundesliga 9596"]
[Site "Deutschland"]
[Date "1996.??.??"]
[Round "?.2"]
[White "Pribyl, Martin"]
[Black "Luther, Thomas"]
[Result "1/2-1/2"]
[WhiteElo "2325"]
[BlackElo "2535"]
[PlyCount "55"]
[EventDate "1995.10.??"]
[EventType "team"]
[EventRounds "15"]
[EventCountry "GER"]
[SourceTitle "Bundesliga 9596"]
[Source "DeepChess"]
[SourceDate "2005.01.01"]
[SourceVersion "1"]
[SourceVersionDate "2005.01.01"]
[SourceQuality "1"]
[WhiteTeam "SC 1868 Bamberg e.V."]
[BlackTeam "SV Empor Berlin e.V."]
[WhiteTeamCountry "GER"]
[BlackTeamCountry "GER"]

1. d4 e6 2. Nf3 d5 3. c4 Nf6 4. Nc3 c6 5. Bg5 h6 6. Bxf6 Qxf6 7. e3 Nd7 8. cxd5
exd5 9. Bd3 Qd8 10. O-O Be7 11. Rb1 a5 12. a3 O-O 13. Qc2 Re8 14. b4 Nf6 15.
Na4 axb4 16. axb4 b5 17. Nc5 Bd6 18. Ra1 Rxa1 19. Rxa1 Qc7 20. h3 Nd7 21. Qa2
Bb7 22. Qc2 Bc8 23. Bf5 Nb6 24. Bxc8 Qxc8 25. Ra7 Re7 26. Ra1 Re8 27. Ra7 Re7
28. Ra1 1/2-1/2

[Event "Bundesliga 9596"]
[Site "Deutschland"]
[Date "1996.??.??"]
[Round "?.3"]
[White "Boensch, Uwe"]
[Black "Pribyl, Josef"]
[Result "1-0"]
[WhiteElo "2550"]
[BlackElo "2405"]
[PlyCount "87"]
[EventDate "1995.10.??"]
[EventType "team"]
[EventRounds "15"]
[EventCountry "GER"]
[SourceTitle "Bundesliga 9596"]
[Source "DeepChess"]
[SourceDate "2005.01.01"]
[SourceVersion "1"]
[SourceVersionDate "2005.01.01"]
[SourceQuality "1"]
[WhiteTeam "SV Empor Berlin e.V."]
[BlackTeam "SC 1868 Bamberg e.V."]
[WhiteTeamCountry "GER"]
[BlackTeamCountry "GER"]

1. c4 e5 2. Nc3 Nc6 3. g3 Bb4 4. Bg2 Nge7 5. Nf3 Bxc3 6. bxc3 d6 7. d3 f6 8.
O-O Be6 9. Ne1 Qd7 10. e4 h5 11. f4 exf4 12. gxf4 f5 13. Nf3 fxe4 14. dxe4 Bh3
15. Ng5 Bxg2 16. Kxg2 g6 17. Be3 O-O-O 18. Qf3 Rhf8 19. Qh3 Qxh3+ 20. Kxh3 Rde8
21. Bd4 b6 22. Rae1 Kb7 23. f5 Ne5 24. Bxe5 dxe5 25. f6 Nc8 26. f7 Re7 27. Rf6
Nd6 28. Ref1 Kc8 29. Kh4 Kd7 30. a3 a5 31. c5 bxc5 32. a4 c4 33. R1f2 Kc8 34.
Rxg6 Rd7 35. Rgf6 Re7 36. Kxh5 Rd7 37. h4 Kd8 38. Kg6 Kc8 39. Kg7 Rfd8 40. Rxd6
cxd6 41. h5 Re7 42. h6 d5 43. h7 d4 44. h8=Q 1-0

[Event "Bundesliga 9596"]
[Site "Deutschland"]
[Date "1996.??.??"]
[Round "?.4"]
[White "Kurz, Alexander"]
[Black "Tischbierek, Raj"]
[Result "0-1"]
[WhiteElo "2350"]
[BlackElo "2490"]
[PlyCount "72"]
[EventDate "1995.10.??"]
[EventType "team"]
[EventRounds "15"]
[EventCountry "GER"]
[SourceTitle "Bundesliga 9596"]
[Source "DeepChess"]
[SourceDate "2005.01.01"]
[SourceVersion "1"]
[SourceVersionDate "2005.01.01"]
[SourceQuality "1"]
[WhiteTeam "SC 1868 Bamberg e.V."]
[BlackTeam "SV Empor Berlin e.V."]
[WhiteTeamCountry "GER"]
[BlackTeamCountry "GER"]

1. e4 c5 2. Nf3 Nc6 3. Bb5 g6 4. O-O Bg7 5. c3 Nf6 6. Re1 O-O 7. d4 d5 8. exd5
Nxd5 9. dxc5 e6 10. Nbd2 a6 11. Bxc6 bxc6 12. Qa4 Qc7 13. Qh4 e5 14. Nc4 f6 15.
Bh6 Bxh6 16. Qxh6 Qa7 17. b4 Bg4 18. Nfxe5 fxe5 19. Nxe5 Bf5 20. Nxc6 Qc7 21.
Nd4 Nxc3 22. Qc1 Nd5 23. Qc4 Rad8 24. Rad1 Kh8 25. Nxf5 Rxf5 26. Qd4+ Kg8 27.
a4 Qb7 28. Re5 Rxe5 29. Qxe5 Qxb4 30. Qg5 Qb8 31. g3 Nf6 32. Re1 Kf7 33. Qh4
Qb3 34. c6 Rd1 35. Rxd1 Qxd1+ 36. Kg2 Qd5+ 0-1

[Event "Bundesliga 9596"]
[Site "Deutschland"]
[Date "1996.??.??"]
[Round "?.5"]
[White "Volke, Karsten"]
[Black "Meister, Peter"]
[Result "1-0"]
[WhiteElo "2470"]
[BlackElo "2385"]
[PlyCount "127"]
[EventDate "1995.10.??"]
[EventType "team"]
[EventRounds "15"]
[EventCountry "GER"]
[SourceTitle "Bundesliga 9596"]
[Source "DeepChess"]
[SourceDate "2005.01.01"]
[SourceVersion "1"]
[SourceVersionDate "2005.01.01"]
[SourceQuality "1"]
[WhiteTeam "SV Empor Berlin e.V."]
[BlackTeam "SC 1868 Bamberg e.V."]
[WhiteTeamCountry "GER"]
[BlackTeamCountry "GER"]

1. d4 e6 2. c4 f5 3. g3 Nf6 4. Bg2 c6 5. Nf3 d5 6. O-O Bd6 7. Qc2 O-O 8. Nbd2
Qe7 9. Nb3 b6 10. c5 Bc7 11. Bf4 Bb7 12. Bxc7 Qxc7 13. Nc1 bxc5 14. Qxc5 Nbd7
15. Qa3 c5 16. dxc5 Nxc5 17. Nd3 Nxd3 18. exd3 Qb6 19. Rfe1 f4 20. Qb3 Qd6 21.
Rac1 Rab8 22. Qa4 fxg3 23. hxg3 a6 24. Qd4 Bc8 25. Ne5 Rb4 26. Qc3 Nd7 27. Qc6
Rb6 28. Qxd6 Rxd6 29. Nc6 Kf7 30. Bh3 Kf6 31. Re3 Re8 32. Nd4 Nf8 33. Rc7 Bd7
34. Rf3+ Ke7 35. Ra7 Rb8 36. Nb3 Rc6 37. d4 Rbc8 38. Nc5 R8c7 39. Ra8 Rc8 40.
Ra7 R8c7 41. Rxc7 Rxc7 42. Ra3 Bb5 43. f4 Nd7 44. b4 Nxc5 45. bxc5 Kf6 46. Re3
Re7 47. Re5 Bc4 48. a3 Bd3 49. Kf2 h6 50. Ke3 Bh7 51. Kd2 g5 52. fxg5+ hxg5 53.
Kc3 Bf5 54. Bxf5 exf5 55. Rxd5 Re3+ 56. Kb4 Ke6 57. Rd6+ Ke7 58. Rh6 Rxg3 59.
c6 Rg1 60. d5 Rd1 61. Kc5 g4 62. d6+ Kf7 63. c7 g3 64. Kb4 1-0

[Event "Bundesliga 9596"]
[Site "Deutschland"]
[Date "1996.??.??"]
[Round "?.6"]
[White "Huemmer, Bernd"]
[Black "Muse, Mladen"]
[Result "0-1"]
[WhiteElo "2280"]
[BlackElo "2420"]
[PlyCount "66"]
[EventDate "1995.10.??"]
[EventType "team"]
[EventRounds "15"]
[EventCountry "GER"]
[SourceTitle "Bundesliga 9596"]
[Source "DeepChess"]
[SourceDate "2005.01.01"]
[SourceVersion "1"]
[SourceVersionDate "2005.01.01"]
[SourceQuality "1"]
[WhiteTeam "SC 1868 Bamberg e.V."]
[BlackTeam "SV Empor Berlin e.V."]
[WhiteTeamCountry "GER"]
[BlackTeamCountry "GER"]

1. d4 Nf6 2. Nf3 g6 3. Bg5 Bg7 4. Nbd2 d6 5. e4 h6 6. Bh4 g5 7. Bg3 Nh5 8. c3
e6 9. Ng1 Nxg3 10. hxg3 c5 11. dxc5 dxc5 12. Nc4 Qxd1+ 13. Rxd1 Ke7 14. Nd6 Rd8
15. Nxc8+ Rxc8 16. f4 Nd7 17. Nf3 a6 18. Kd2 b5 19. Kc2 Nf6 20. Re1 c4 21. Nd2
Rd8 22. Re3 e5 23. Be2 Ra7 24. fxe5 Nd7 25. Bg4 Nxe5 26. Bf5 g4 27. Rh4 Bf6 28.
Rh1 Bg5 29. Re2 Rd3 30. Rhe1 Ra8 31. Nf1 Rad8 32. a4 b4 33. cxb4 Nc6 0-1

[Event "Bundesliga 9596"]
[Site "Deutschland"]
[Date "1996.??.??"]
[Round "?.7"]
[White "Stern, Rene"]
[Black "Loew, Gerald"]
[Result "1/2-1/2"]
[WhiteElo "2445"]
[BlackElo "2285"]
[PlyCount "142"]
[EventDate "1995.10.??"]
[EventType "team"]
[EventRounds "15"]
[EventCountry "GER"]
[SourceTitle "Bundesliga 9596"]
[Source "DeepChess"]
[SourceDate "2005.01.01"]
[SourceVersion "1"]
[SourceVersionDate "2005.01.01"]
[SourceQuality "1"]
[WhiteTeam "SV Empor Berlin e.V."]
[BlackTeam "SC 1868 Bamberg e.V."]
[WhiteTeamCountry "GER"]
[BlackTeamCountry "GER"]

1. d4 Nf6 2. c4 e6 3. Nf3 Bb4+ 4. Nbd2 b6 5. g3 Bb7 6. Bg2 O-O 7. O-O d5 8. Ne5
Nbd7 9. Qa4 Bxd2 10. Bxd2 Nxe5 11. dxe5 Nd7 12. cxd5 exd5 13. Bc3 Re8 14. Qf4
Qe7 15. e6 Nc5 16. exf7+ Qxf7 17. Qxf7+ Kxf7 18. Rfd1 Rad8 19. e3 Ne4 20. Be1
a5 21. Rac1 c5 22. Rc2 Rd6 23. f3 Nf6 24. Bf2 h5 25. h3 g5 26. g4 hxg4 27. hxg4
Nd7 28. Rcd2 Ne5 29. f4 gxf4 30. exf4 Nxg4 31. Bxd5+ Bxd5 32. Rxd5 Rxd5 33.
Rxd5 Re2 34. Bxc5 bxc5 35. Rxc5 Rxb2 36. Rxa5 Nf2 37. Kf1 Nd3 38. a4 Rf2+ 39.
Kg1 Rxf4 40. Kg2 Rb4 41. Kf3 Ke6 42. Ra8 Nc5 43. a5 Ra4 44. a6 Nxa6 45. Ra7 Kd6
46. Ra8 Kc6 47. Ke3 Kb7 48. Rd8 Nc5 49. Rd6 Kc7 50. Rh6 Kd7 51. Rh7+ Kd6 52.
Rh6+ Ne6 53. Rh5 Nf4 54. Rh8 Ke5 55. Re8+ Ne6 56. Kd3 Kd5 57. Rh8 Ra3+ 58. Kd2
Nf4 59. Rd8+ Ke4 60. Re8+ Kd4 61. Rd8+ Nd5 62. Ke2 Rh3 63. Kf2 Ke4 64. Re8+ Kd3
65. Rd8 Kd4 66. Ke2 Ke5 67. Re8+ Kf5 68. Kd2 Nf6 69. Ra8 Ne4+ 70. Ke2 Kf4 71.
Rf8+ Ke5 1/2-1/2

[Event "Bundesliga 9596"]
[Site "Deutschland"]
[Date "1996.??.??"]
[Round "?.8"]
[White "Rupp, Markus"]
[Black "Poldauf, Dirk"]
[Result "0-1"]
[WhiteElo "2330"]
[BlackElo "2430"]
[PlyCount "80"]
[EventDate "1995.10.??"]
[EventType "team"]
[EventRounds "15"]
[EventCountry "GER"]
[SourceTitle "Bundesliga 9596"]
[Source "DeepChess"]
[SourceDate "2005.01.01"]
[SourceVersion "1"]
[SourceVersionDate "2005.01.01"]
[SourceQuality "1"]
[WhiteTeam "SC 1868 Bamberg e.V."]
[BlackTeam "SV Empor Berlin e.V."]
[WhiteTeamCountry "GER"]
[BlackTeamCountry "GER"]

1. d4 Nf6 2. c4 g6 3. Nc3 Bg7 4. e4 d6 5. f3 O-O 6. Be3 e5 7. d5 Nh5 8. Qd2 f5
9. O-O-O Nd7 10. Bd3 a6 11. Kb1 fxe4 12. Nxe4 Ndf6 13. Nc3 Nf4 14. Bf1 Bd7 15.
Nge2 Nxe2 16. Bxe2 Qe8 17. c5 Qe7 18. Ka1 dxc5 19. d6 cxd6 20. Qxd6 Qf7 21.
Bxc5 Bc6 22. Qe7 b5 23. Rhe1 Rac8 24. Bd6 Nh5 25. Qxf7+ Rxf7 26. a4 Nf4 27. Bf1
Rd7 28. g3 Bxf3 29. gxf4 Bxd1 30. Rxd1 Rcd8 31. Ne4 exf4 32. Bh3 Rc7 33. Be6+
Kh8 34. Ng5 f3 35. Ka2 f2 36. Nf7+ Rxf7 37. Bxf7 Rxd6 38. Rxd6 f1=Q 39. Rd8+
Bf8 40. Rxf8+ Kg7 0-1

[Event "Bundesliga 9596"]
[Site "Deutschland"]
[Date "1996.??.??"]
[Round "?.1"]
[White "Horvath, Tamas"]
[Black "Pfleger, Helmut"]
[Result "1/2-1/2"]
[WhiteElo "2410"]
[BlackElo "2490"]
[PlyCount "34"]
[EventDate "1995.10.??"]
[EventType "team"]
[EventRounds "15"]
[EventCountry "GER"]
[SourceTitle "Bundesliga 9596"]
[Source "DeepChess"]
[SourceDate "2005.01.01"]
[SourceVersion "1"]
[SourceVersionDate "2005.01.01"]
[SourceQuality "1"]
[WhiteTeam "SV Tuebingen 1870 e.V."]
[BlackTeam "SC 1868 Bamberg e.V."]
[WhiteTeamCountry "GER"]
[BlackTeamCountry "GER"]

1. e4 d6 2. d4 Nf6 3. Nc3 g6 4. Bg5 c6 5. Qd2 b5 6. Bd3 Bg7 7. f4 b4 8. Nce2
Qb6 9. Nf3 Bg4 10. O-O Nbd7 11. Kh1 O-O 12. f5 c5 13. e5 Bxf3 14. exf6 exf6 15.
Rxf3 fxg5 16. Qxg5 Qd8 17. Qxd8 Raxd8 1/2-1/2

[Event "Bundesliga 9596"]
[Site "Deutschland"]
[Date "1996.??.??"]
[Round "?.2"]
[White "Pribyl, Martin"]
[Black "Palkovi, Jozsef"]
[Result "0-1"]
[WhiteElo "2325"]
[BlackElo "2480"]
[PlyCount "114"]
[EventDate "1995.10.??"]
[EventType "team"]
[EventRounds "15"]
[EventCountry "GER"]
[SourceTitle "Bundesliga 9596"]
[Source "DeepChess"]
[SourceDate "2005.01.01"]
[SourceVersion "1"]
[SourceVersionDate "2005.01.01"]
[SourceQuality "1"]
[WhiteTeam "SC 1868 Bamberg e.V."]
[BlackTeam "SV Tuebingen 1870 e.V."]
[WhiteTeamCountry "GER"]
[BlackTeamCountry "GER"]

1. d4 Nf6 2. c4 e6 3. Nc3 Bb4 4. e3 c5 5. Bd3 Nc6 6. Nf3 Bxc3+ 7. bxc3 d6 8.
O-O e5 9. Ng5 O-O 10. Ne4 b6 11. Nxf6+ Qxf6 12. Be4 Bb7 13. Bd5 Na5 14. e4 Rac8
15. dxe5 dxe5 16. Qe2 Bxd5 17. cxd5 c4 18. f4 exf4 19. e5 Qe7 20. d6 Qe6 21.
Bxf4 Nb7 22. Rad1 Nc5 23. Rd4 Nd3 24. Qh5 Rc5 25. d7 Rd5 26. Rxd5 Qxd5 27. Qg4
Rd8 28. Bh6 Qxe5 29. Qxc4 Qc5+ 30. Qxc5 Nxc5 31. Be3 Rxd7 32. Bxc5 bxc5 33. Rf5
Rc7 34. Rd5 Kf8 35. Kf2 Ke7 36. Ke3 Ke6 37. Ke4 g6 38. g4 f6 39. h4 h5 40. Rd8
hxg4 41. Kf4 f5 42. Kg5 Rd7 43. Rg8 g3 44. Rxg6+ Ke5 45. h5 Rd1 46. Rg8 Ke4 47.
Kf6 f4 48. h6 Rh1 49. Rg4 Kf3 50. Kg5 g2 51. Rxf4+ Ke3 52. Rg4 g1=Q 53. Rxg1
Rxg1+ 54. Kf6 Rh1 55. Kg7 Kd3 56. h7 Kxc3 57. h8=Q Rxh8 0-1

[Event "Bundesliga 9596"]
[Site "Deutschland"]
[Date "1996.??.??"]
[Round "?.3"]
[White "Kraut, Rainer"]
[Black "Pribyl, Josef"]
[Result "1/2-1/2"]
[WhiteElo "2445"]
[BlackElo "2405"]
[PlyCount "86"]
[EventDate "1995.10.??"]
[EventType "team"]
[EventRounds "15"]
[EventCountry "GER"]
[SourceTitle "Bundesliga 9596"]
[Source "DeepChess"]
[SourceDate "2005.01.01"]
[SourceVersion "1"]
[SourceVersionDate "2005.01.01"]
[SourceQuality "1"]
[WhiteTeam "SV Tuebingen 1870 e.V."]
[BlackTeam "SC 1868 Bamberg e.V."]
[WhiteTeamCountry "GER"]
[BlackTeamCountry "GER"]

1. e4 g6 2. d4 c6 3. Nc3 d5 4. Nf3 Bg4 5. h3 Bxf3 6. Qxf3 e6 7. Bf4 Nf6 8. exd5
Nxd5 9. Be5 f6 10. Nxd5 fxe5 11. Qf6 Qxd5 12. Qxh8 Nd7 13. Be2 Qxg2 14. O-O-O
Qg5+ 15. Kb1 Qe7 16. dxe5 O-O-O 17. Rd4 Bh6 18. Qxd8+ Qxd8 19. Rhd1 Bg7 20.
Rxd7 Qxd7 21. Rxd7 Kxd7 22. c3 Bxe5 23. Kc2 Ke7 24. Kd3 Kf6 25. Ke4 Bd6 26. Bc4
b5 27. Be2 a5 28. c4 b4 29. Bd1 h5 30. Ba4 c5 31. Bd7 Be5 32. b3 Bd4 33. f4 e5
34. fxe5+ Bxe5 35. Bc8 Bd4 36. Bd7 Bg1 37. Bc8 Ke7 38. Kf3 Kf6 39. Ke4 Bd4 40.
Bd7 Ke7 41. Bc8 Kf6 42. Bd7 Bg1 43. Be8 Bf2 1/2-1/2

[Event "Bundesliga 9596"]
[Site "Deutschland"]
[Date "1996.??.??"]
[Round "?.4"]
[White "Meister, Peter"]
[Black "Zeller, Frank"]
[Result "1/2-1/2"]
[WhiteElo "2385"]
[BlackElo "2400"]
[PlyCount "81"]
[EventDate "1995.10.??"]
[EventType "team"]
[EventRounds "15"]
[EventCountry "GER"]
[SourceTitle "Bundesliga 9596"]
[Source "DeepChess"]
[SourceDate "2005.01.01"]
[SourceVersion "1"]
[SourceVersionDate "2005.01.01"]
[SourceQuality "1"]
[WhiteTeam "SC 1868 Bamberg e.V."]
[BlackTeam "SV Tuebingen 1870 e.V."]
[WhiteTeamCountry "GER"]
[BlackTeamCountry "GER"]

1. d4 Nf6 2. c4 e6 3. Nf3 b6 4. e3 Bb7 5. Bd3 d5 6. b3 Bb4+ 7. Nbd2 O-O 8. O-O
Nbd7 9. Bb2 dxc4 10. Nxc4 Ne4 11. Qc2 Ndf6 12. Rfd1 Qd5 13. Nce5 Ng5 14. a3
Nxf3+ 15. gxf3 Be7 16. Rac1 Rfe8 17. b4 c6 18. Bc4 Qd8 19. f4 Nd5 20. Qd2 a5
21. e4 Nf6 22. f3 axb4 23. axb4 Nd7 24. Nd3 Ba6 25. Qc2 Bxc4 26. Qxc4 b5 27.
Qb3 Bd6 28. Rc2 Nb6 29. Rg2 g6 30. Ne5 Ra4 31. Bc3 Qe7 32. f5 exf5 33. exf5 Nd5
34. Re1 Nxc3 35. fxg6 hxg6 36. Rxg6+ Kh7 37. Rxd6 Rg8+ 38. Kh1 Qxd6 39. Qxf7+
Rg7 40. Qf5+ Kg8 41. Qc8+ 1/2-1/2

[Event "Bundesliga 9596"]
[Site "Deutschland"]
[Date "1996.??.??"]
[Round "?.5"]
[White "Hess, Ralf"]
[Black "Huemmer, Bernd"]
[Result "1/2-1/2"]
[WhiteElo "2400"]
[BlackElo "2280"]
[PlyCount "51"]
[EventDate "1995.10.??"]
[EventType "team"]
[EventRounds "15"]
[EventCountry "GER"]
[SourceTitle "Bundesliga 9596"]
[Source "DeepChess"]
[SourceDate "2005.01.01"]
[SourceVersion "1"]
[SourceVersionDate "2005.01.01"]
[SourceQuality "1"]
[WhiteTeam "SV Tuebingen 1870 e.V."]
[BlackTeam "SC 1868 Bamberg e.V."]
[WhiteTeamCountry "GER"]
[BlackTeamCountry "GER"]

1. c4 Nf6 2. g3 e5 3. Nc3 Nc6 4. Bg2 g6 5. e3 Bg7 6. Nge2 O-O 7. Rb1 a5 8. O-O
d6 9. h3 Be6 10. Nd5 Nb4 11. Qb3 c6 12. Nxb4 axb4 13. Qxb4 Qd7 14. Kh2 Rxa2 15.
d3 Rfa8 16. Nc3 Ra1 17. Bd2 Rxb1 18. Rxb1 h5 19. Rd1 Bf8 20. Ne2 d5 21. Qc3 Bg7
22. Qc2 dxc4 23. dxc4 Rd8 24. b3 Qd3 25. Qxd3 Rxd3 26. Nc1 1/2-1/2

[Event "Bundesliga 9596"]
[Site "Deutschland"]
[Date "1996.??.??"]
[Round "?.6"]
[White "Loew, Gerald"]
[Black "Werner, Marc"]
[Result "1/2-1/2"]
[WhiteElo "2285"]
[BlackElo "2365"]
[PlyCount "33"]
[EventDate "1995.10.??"]
[EventType "team"]
[EventRounds "15"]
[EventCountry "GER"]
[SourceTitle "Bundesliga 9596"]
[Source "DeepChess"]
[SourceDate "2005.01.01"]
[SourceVersion "1"]
[SourceVersionDate "2005.01.01"]
[SourceQuality "1"]
[WhiteTeam "SC 1868 Bamberg e.V."]
[BlackTeam "SV Tuebingen 1870 e.V."]
[WhiteTeamCountry "GER"]
[BlackTeamCountry "GER"]

1. e4 c5 2. Nf3 d6 3. d4 cxd4 4. Nxd4 Nf6 5. Nc3 Nc6 6. Bg5 e6 7. Qd2 Be7 8.
O-O-O Nxd4 9. Qxd4 O-O 10. e5 dxe5 11. Qxe5 Bd7 12. h4 Rc8 13. Rh3 Qc7 14. Qxc7
Rxc7 15. Nb5 Bxb5 16. Bxb5 Ne4 17. Bxe7 1/2-1/2

[Event "Bundesliga 9596"]
[Site "Deutschland"]
[Date "1996.??.??"]
[Round "?.7"]
[White "Dutschak, Hauke"]
[Black "Kestler, Hans Guenther"]
[Result "0-1"]
[WhiteElo "2260"]
[BlackElo "2345"]
[PlyCount "124"]
[EventDate "1995.10.??"]
[EventType "team"]
[EventRounds "15"]
[EventCountry "GER"]
[SourceTitle "Bundesliga 9596"]
[Source "DeepChess"]
[SourceDate "2005.01.01"]
[SourceVersion "1"]
[SourceVersionDate "2005.01.01"]
[SourceQuality "1"]
[WhiteTeam "SV Tuebingen 1870 e.V."]
[BlackTeam "SC 1868 Bamberg e.V."]
[WhiteTeamCountry "GER"]
[BlackTeamCountry "GER"]

1. e4 c5 2. c3 e6 3. d4 d5 4. e5 Nc6 5. Nf3 Qb6 6. a3 Bd7 7. b4 cxd4 8. cxd4
Rc8 9. Be3 Nge7 10. Bd3 Nb8 11. Qe2 Nf5 12. O-O Be7 13. Nbd2 Ba4 14. Rac1 O-O
15. Nb1 Nxe3 16. fxe3 Bd7 17. h3 Rc7 18. Nh2 Rxc1 19. Rxc1 Qd8 20. Ng4 Be8 21.
Qc2 h6 22. Qe2 a6 23. Nc3 Bg5 24. Bb1 h5 25. Nh2 f5 26. exf6 Qxf6 27. Nf3 Bh6
28. Ne5 Nc6 29. Nxc6 Bxc6 30. Re1 g6 31. Bd3 e5 32. dxe5 Qxe5 33. Nd1 Kg7 34.
Qb2 Qxb2 35. Nxb2 Bg5 36. Nd1 Ba4 37. Nc3 Bb3 38. g3 Rf3 39. Kg2 Rxe3 40. Rxe3
Bxe3 41. Kf3 Bc1 42. Nb1 b5 43. Ke2 Kf6 44. Nd2 Ba4 45. Nb1 g5 46. g4 h4 47.
Bf5 Ke5 48. Kd3 Bb3 49. Bc8 Bc4+ 50. Kc2 Bf4 51. Nd2 Be2 52. Bxa6 Bxd2 53. Kxd2
Bxg4 54. Bxb5 Bxh3 55. a4 Bg2 56. Ke2 g4 57. Kf2 Be4 58. Bd7 g3+ 59. Kg1 d4 60.
b5 d3 61. a5 d2 62. Bg4 h3 0-1